|
|
|
|
| LEADER |
00000nam0a2200000 4500 |
| 001 |
373981 |
| 005 |
20231102012620.0 |
| 035 |
|
|
|a (RuTPU)RU\TPU\retro\31414
|
| 035 |
|
|
|a RU\TPU\book\270973
|
| 090 |
|
|
|a 373981
|
| 100 |
|
|
|a 20221216d1958 k y0rusy50 ca
|
| 101 |
1 |
|
|a rus
|c eng
|
| 102 |
|
|
|a RU
|
| 105 |
|
|
|a a z 101zy
|
| 200 |
1 |
|
|a Прикладная масс-спектрометрия
|e доклады на конференции по масс-спектрометрии, организованной Институтом нефти, 29-31 октября 1953 г., г. Лондон
|e пер. с англ.
|f под ред. К. И. Зиминой; А. А. Поляковой; М. В. Тихомирова
|
| 210 |
|
|
|a Москва
|c Гостоптехиздат
|d 1958
|
| 215 |
|
|
|a 287 с.
|c ил.
|
| 320 |
|
|
|a Библиогр. в конце докладов и с. 274-284.
|
| 606 |
1 |
|
|a Масс-спектрометры
|x (оптика)
|2 stltpush
|3 (RuTPU)RU\TPU\subj\41171
|9 60985
|
| 610 |
1 |
|
|a масс-спектрометрия
|
| 610 |
1 |
|
|a применение
|
| 610 |
1 |
|
|a вода
|
| 610 |
1 |
|
|a смеси
|
| 610 |
1 |
|
|a газ
|
| 610 |
1 |
|
|a физико-химические проблемы
|
| 610 |
1 |
|
|a исследования
|
| 610 |
1 |
|
|a молекулы
|
| 610 |
1 |
|
|a ионы
|
| 610 |
1 |
|
|a изучение
|
| 610 |
1 |
|
|a масс-спектрометрическая аппаратура
|
| 610 |
1 |
|
|a развитие
|
| 610 |
1 |
|
|a расчет
|
| 610 |
1 |
|
|a конференции
|
| 675 |
|
|
|a 535.33(063)
|v 3
|
| 675 |
|
|
|a 621.384.66(063)
|v 3
|
| 702 |
|
1 |
|a Зимина
|b К. И.
|4 340
|
| 702 |
|
1 |
|a Полякова
|b А. А.
|4 340
|
| 702 |
|
1 |
|a Тихомиров
|b М. В.
|4 340
|
| 712 |
1 |
2 |
|a Прикладная масс-спектрометрия
|b доклады конференции
|e Лондон
|f 1953
|
| 801 |
|
1 |
|a RU
|b 63413507
|c 20140130
|
| 801 |
|
2 |
|a RU
|b 63413507
|c 20221216
|g RCR
|
| 942 |
|
|
|c BK
|